| 000 | 01189nam a22002777a 4500 | ||
|---|---|---|---|
| 005 | 20110214110156.0 | ||
| 008 | 090211t xxu||||| |||| 00| 0 hin d | ||
| 010 | _aHIN-91871 | ||
| 020 |
_c190.00 _a9788188978342 |
||
| 035 | _aHN-64217 | ||
| 037 | _bDBAD / PUB | ||
| 040 |
_aDPL _bHN |
||
| 082 | _a820.92 | ||
| 100 |
_aकमल सिंह _925892 |
||
| 245 |
_aगोरखनाथ और उनका हिन्दी-साहित्य / _cकमल सिंह |
||
| 246 |
_aGorakh nath aur unka Hindi Sahitya _bby Kamal Singh |
||
| 250 | _a3रा संस्क | ||
| 260 |
_aअलीगढ़ _bकुसुम प्रकाशन _c2010 |
||
| 270 |
_a186, इंजीनियर्स कालोनी, क्वार्सी बाईपास रोड _bअलीगढ़ _e202001 (उ.प्र.) |
||
| 300 |
_a195पृ. _c22सेमी (अजिल्द) |
||
| 650 | _91169 | ||
| 650 | _925893 | ||
| 700 |
_a _925894 |
||
| 942 |
_2ddc _cHN _h820.92 _mकमल |
||
| 999 |
_c50526 _d50526 |
||